00658nam a2200193Ia 4500952013500000999001700135003000400152005001700156008004100173020001800214040000900232082002400241100002400265245006300289260003700352300000900389650001200398942005400410 00102ddc40708POEaMESbMEScENGd2019-02-20g825.00l0o821.91409954 DOM/Dp36684r2019-02-20 00:00:00w2019-02-20yBKzGR10R4 c14602d14602OSt20201028105606.0190216s9999||||xx |||||||||||||| ||und|| a9788172736033 coclc a821.91409954bDOM/D aDominic, K V96008 0aDiscourses On Five Indian Poets In English /cK V Dominic bAuthorspress,c2011.aNew Delhi: a311p aEnglish cBK2ddch821.91409954iDOM/Dk821.91409954mDOM/D